Chemical biophysics : (Record no. 7266)

MARC details
000 -LEADER
fixed length control field 02008cam a22003614a 4500
001 - CONTROL NUMBER
control field 15118032
003 - CONTROL NUMBER IDENTIFIER
control field OSt
005 - DATE AND TIME OF LATEST TRANSACTION
control field 20210922114032.0
008 - FIXED-LENGTH DATA ELEMENTS--GENERAL INFORMATION
fixed length control field 071214s2008 enka b 001 0 eng
010 ## - LIBRARY OF CONGRESS CONTROL NUMBER
LC control number 2007051292
020 ## - INTERNATIONAL STANDARD BOOK NUMBER
International Standard Book Number 9780521870702 (hardback)
035 ## - SYSTEM CONTROL NUMBER
System control number (DNLM)101392654
040 ## - CATALOGING SOURCE
Original cataloging agency DNLM/DLC
Transcribing agency DDC
Modifying agency DLC
042 ## - AUTHENTICATION CODE
Authentication code pcc
050 00 - LIBRARY OF CONGRESS CALL NUMBER
Classification number QP517.P49
Item number B43 2008
060 10 - NATIONAL LIBRARY OF MEDICINE CALL NUMBER
Classification number QU 26.5
Item number B368c 2008
082 00 - DEWEY DECIMAL CLASSIFICATION NUMBER
Classification number 517.4BEA2008
100 1# - MAIN ENTRY--PERSONAL NAME
Personal name Beard, Daniel A.; Qian,Hong;
Dates associated with a name 1971-
9 (RLIN) 14907
245 10 - TITLE STATEMENT
Title Chemical biophysics :
Remainder of title Quantitative analysis of cellular systems
Statement of responsibility, etc. Edited by Beard,Daniel A. ; Qian,Hong;
260 ## - PUBLICATION, DISTRIBUTION, ETC. (IMPRINT)
Place of publication, distribution, etc. New York :
Name of publisher, distributor, etc. Cambridge University Press,
Date of publication, distribution, etc. 2008.
300 ## - PHYSICAL DESCRIPTION
Extent xviii,311p.
Other physical details ill.
Dimensions 26cm.
440 #0 - SERIES STATEMENT/ADDED ENTRY--TITLE
Title Cambridge texts in biomedical engineering
9 (RLIN) 14908
504 ## - BIBLIOGRAPHY, ETC. NOTE
Bibliography, etc Includes; bibliographical references (p. 296-306) and index.
505 0# - FORMATTED CONTENTS NOTE
Formatted contents note Concepts from physical chemistry -- Conventions and calculations for biochemical systems -- Chemical kinetics and transport processes -- Enzyme-catalyzed reactions -- Biochemical signaling modules -- Biochemical reaction networks -- Coupled biochemical systems and membrane transport -- Spatially distributed systems and reaction-diffusion modeling -- Constraint-based analysis of biochemical systems -- Biomacromolecular structure and molecular association -- Stochastic biochemical systems and the chemical master equation.
650 #0 - SUBJECT ADDED ENTRY--TOPICAL TERM
Topical term or geographic name as entry element Chemistry
9 (RLIN) 797
700 1# - ADDED ENTRY--PERSONAL NAME
Personal name Qian, Hong,
Dates associated with a name 1960-
9 (RLIN) 14910
856 42 - ELECTRONIC LOCATION AND ACCESS
Materials specified Contributor biographical information
Uniform Resource Identifier <a href="http://www.loc.gov/catdir/enhancements/fy0808/2007051292-b.html">http://www.loc.gov/catdir/enhancements/fy0808/2007051292-b.html</a>
856 42 - ELECTRONIC LOCATION AND ACCESS
Materials specified Publisher description
Uniform Resource Identifier <a href="http://www.loc.gov/catdir/enhancements/fy0808/2007051292-d.html">http://www.loc.gov/catdir/enhancements/fy0808/2007051292-d.html</a>
856 41 - ELECTRONIC LOCATION AND ACCESS
Materials specified Table of contents only
Uniform Resource Identifier <a href="http://www.loc.gov/catdir/enhancements/fy0808/2007051292-t.html">http://www.loc.gov/catdir/enhancements/fy0808/2007051292-t.html</a>
906 ## - LOCAL DATA ELEMENT F, LDF (RLIN)
a 7
b cbc
c orignew
d 1
e ecip
f 20
g y-gencatlg
942 ## - ADDED ENTRY ELEMENTS (KOHA)
Source of classification or shelving scheme Dewey Decimal Classification
Koha item type Open Shelf
Holdings
Withdrawn status Lost status Source of classification or shelving scheme Damaged status Not for loan Home library Current library Date acquired Source of acquisition Inventory number Total Checkouts Full call number Barcode Date last seen Price effective from Koha item type
    Dewey Decimal Classification     MUST Main Library MUST Main Library 22/09/2021 donation 12/36127   571.4BEA2008 2021-1212 22/09/2021 22/09/2021 Open Shelf